| 000 | 00905nam a2200229Ia 4500 | ||
|---|---|---|---|
| 003 | OSt | ||
| 005 | 20220923221651.0 | ||
| 006 | a|||||r|||| 00| 0 | ||
| 007 | ta | ||
| 008 | 220922b |||||||| |||| 00| 0 hin d | ||
| 024 | _a199,175 | ||
| 037 | _cTextual | ||
| 040 |
_aARTS _cARTS _bhin |
||
| 041 |
_2hin _ahin |
||
| 082 | _aP3:3, 152L3 | ||
| 100 |
_aब्लाकॅं, जूल; शर्मा, कृष्ण कुमार _9165587 |
||
| 245 | 0 | _aद्रविड भाषाओं की व्याकरणिक संरचना | |
| 246 | _aDraviḍ bhāṣhāoan kī vyākaraṇik sanrachanā | ||
| 260 |
_aजयपुर _b राजस्थान हिन्दी ग्रंथ अकादमी _c1973 |
||
| 942 |
_hP3:3, 152L3 _cTEXL _2CC |
||
| 999 |
_c350950 _d350950 |
||